Biology / (Record no. 384)
[ view plain ]
| 000 -LEADER | |
|---|---|
| fixed length control field | 00437cam a2200157 a 4500 |
| 020 ## - INTERNATIONAL STANDARD BOOK NUMBER | |
| ISBN | 0697056384 |
| 050 #0 - CALL NUMBER | |
| Classification number | QH308.3 M26 |
| 100 1# - AUTHOR | |
| Personal name | Mader, Sylvia S. |
| 245 10 - TITLE | |
| Title | Biology / |
| Statement of responsibility, etc | Sylvia S. Mader ; contributors, W. Dennis Clark ... [et al.]. |
| 250 ## - EDITION | |
| Edition statement | 3rd ed. |
| 260 ## - PUBLICATION INFORMATION | |
| Place of publication | Dubuque, IA : |
| Name of publisher | W.C. Brown, |
| Year of publication | c1990. |
| 300 ## - DESCRIPTION | |
| Number of Pages | xxiv, 798, [47] p. : |
| Other physical details | ill. (some col.) . |
| 500 ## - NOTES | |
| General note | Includes tables. |
| 650 #0 - SUBJECTS | |
| Topical Term | Biology. |
| 942 ## - ADDED ENTRY ELEMENTS (KOHA) | |
| Koha item type | Books |
| Withdrawn status | Lost status | Home library | Current library | Shelving location | Date acquired | Full call number | Accession Number | Koha item type |
|---|---|---|---|---|---|---|---|---|
| Methodist University Library Wenchi Nursing | Methodist University Library Wenchi Nursing | General Stacks | 20/10/2017 | QH308.3 M26 | 2694111 | Books |